Statistics for American Football A-Z

Click here to take the quiz!

General Stats

  • This quiz has been taken 12,889 times
  • The average score is 18 of 25

Answer Stats

ClueAnswer% Correct
QTom Brady's positionQuarterback
96%
HTrophy for the best college playerHeisman
91%
OFormer Houston teamOilers
90%
CDarrelle Revis's positionCornerback
88%
ZOpposite of man defenseZone
86%
ACollege team led by Bear BryantAlabama
83%
BCoach / hoodie enthusiastBelichick
81%
RMontana's favorite targetRice
81%
NDefensive lineman who lines up
opposite the center
{Nose} Tackle
80%
DHead coach of the '85 BearsDitka
76%
KQuarterback who refused to
stand for the National Anthem
Kaepernick
76%
MCalvin Johnson's nicknameMegatron
76%
VUniversity of Tennessee team nameVolunteers
76%
UColts quarterback 1956-1972Unitas
74%
SBears' stadiumSoldier Field
72%
IFranco Harris's
famous catch in 1972
{Immaculate}
Reception
71%
EQB who played in 5 Super BowlsElway
70%
LThe Frozen TundraLambeau
69%
FAll-time leader in
interceptions thrown
Favre
66%
PDeion Sanders's nicknamePrime Time
65%
GAll-time receiving yards leader
among tight ends
Gonzalez
63%
YThree _____ and a cloud of dustYards
62%
W2015 Defensive Player of the YearWatt
59%
JFastest player in Tecmo BowlJackson
44%
T1920s NFL star who won the
Olympic decathlon
Thorpe
35%

Score Distribution

Percentile by Number Answered

Percent of People with Each Score

Your Score History

You have not taken this quiz